Statistiche per Riconosci l'Anno dagli eventi - Quiz n°499

Clicka qui per fare il quiz!

Statistiche generali

  • Questo quiz è stato fatto 3 volte
  • Il punteggio medio è 7 su 8

Statistiche sulle risposte

IndizioRisposta% Corretto
D10 e 11 agosto: Battaglia di Velletri nell'ambito della Guerra di successione austriaca: vittoria delle truppe ispano-napoletane, comandate da Carlo di Borbone e dal Conte di Gages, sulle truppe imperiali comandate dal Principe di Lobkowitz.
100%
E15 settembre – 21 ottobre: assedio di Cuneo
100%
G18 dicembre - La regina Maria Teresa d'Austria emette un proclama per liberare la Boemia dai suoi residenti ebrei; gli ebrei devono lasciare Praga nelle due settimane successive, per poi lasciare completamente la Boemia nel ****.
100%
B19 luglio – Val Varaita: le truppe Franco-Spagnole si scontrano con l'esercito piemontese nella battaglia di Pian della Battagliola nell'ambito della Guerra di successione austriaca.
100%
F30 settembre: Battaglia di Madonna dell'Olmo (nota anche come Battaglia di Cuneo) vide un importante vittoria degli eserciti di Francia e Spagna contro il Regno di Sardegna, nella Guerra di successione austriaca. Venne combattuta nei dintorni di Cuneo
100%
A5 gennaio: Palermo ricoperta da circa 2 palmi (circa 50 cm) di neve, un fenomeno meteorologico senza precedenti per il capoluogo siciliano. Per il peso della neve crollò il tetto del convento di S. Domenico.
100%
C11 - 12 febbraio: Battaglia di Tolone - Scontro fra la flotta spagnola e francese, da una parte, e quella inglese, dall'altra. La battaglia terminò con la vittoria delle flotte alleate, spagnola e francese, ed il ritiro della flotta inglese a Minorca.
67%
Anno1744
33%

Distribuzione punteggi

Percentile per numero di risposta

Percentuale di utenti per punteggio

I tuoi punteggi nel tempo

Non hai fatto questo quiz